| 000 | 00826nam a22002537a 4500 | ||
|---|---|---|---|
| 005 | 20150921121326.0 | ||
| 010 | _aB-495474-489 ENG-113867 | ||
| 020 |
_a9789350248355 _c550.00 |
||
| 035 | _aEN-97399 | ||
| 037 |
_bHPH/Ven _adpl |
||
| 037 | _bDBAD/PUB | ||
| 082 | _a921 | ||
| 245 |
_aRaja Rammohan Roy / _cedited by M.A. Khan [and] N.P.Sharma |
||
| 260 |
_aMumbai _bHimalaya Books _c2011 |
||
| 270 |
_aRamdoot Dr. Bhalerao Marg, Girgaon _bMumbai _e400004 |
||
| 300 |
_a275p. _c22cm(Hb) |
||
| 490 | _aedited by M.H. Syed | ||
| 500 | _aIncludes bibliographical references and index | ||
| 700 | _aKhan, M.A. | ||
| 700 | _aSharma, N.P. | ||
| 700 | _aSyed, M.H. | ||
| 942 |
_2ddc _cEN _mRAJ _h921 |
||
| 999 |
_c79585 _d79585 |
||